ბათუმის შოთა რუსთაველის სახელმწიფო უნივერსიტეტის ბიბლიოთეკა

Azerbaycan Culture & Tourism (ბიბ.ჩანაწერი № 50386)

000 -LEADER
fixed length control field 00396nam a2200181Ia 4500
001 - CONTROL NUMBER
control field 17327
003 - CONTROL NUMBER IDENTIFIER
control field GE_BSU
008 - FIXED-LENGTH DATA ELEMENTS--GENERAL INFORMATION
fixed length control field 181216s||||||||xx |||||||||||||| ||und||
040 ## - CATALOGING SOURCE
Transcribing agency GE_BSU
080 ## - UNIVERSAL DECIMAL CLASSIFICATION NUMBER
Universal Decimal Classification number 008(479.24)
245 ## - TITLE STATEMENT
Title Azerbaycan Culture & Tourism
260 ## - PUBLICATION, DISTRIBUTION, ETC.
Place of publication, distribution, etc. Baku
260 ## - PUBLICATION, DISTRIBUTION, ETC.
Date of publication, distribution, etc. 2009
300 ## - PHYSICAL DESCRIPTION
Extent 319p. 28cm.
653 ## - INDEX TERM--UNCONTROLLED
Uncontrolled term Azerbaycan Culture & Tourism
942 ## - ADDED ENTRY ELEMENTS (KOHA)
Koha item type წიგნი
ეგზემპლარები
Withdrawn status Lost status Damaged status Not for loan Date acquired Barcode Date last seen Price effective from Koha item type
        2018-12-17 3681 2018-12-17 2018-12-17 წიგნი
        2018-12-17 3683 2018-12-17 2018-12-17 წიგნი